000
00235nam a2200109Ia 4500
008
240625s9999 xx 000 0 und d
041
_a
eng
082
_a
658.8 HAL
100
_a
HALL DOUG
245
_a
MEANING MARKETING
260
_c
2003
999
_c
33918
_d
33918